[Event "?"]
[Site "ICS rated blitz match, 192.23"]
[Date "1997.??.??"]
[Round "?"]
[White "Brause"]
[Black "Horatius"]
[Result "1/2-1/2"]
[WhiteElo "2570"]
[BlackElo "2440"]
[PlyCount "121"]

1. e4 e5 2. Nf3 Nc6 3. Nc3 Nf6 4. Nxe5 Nxe5 5. d4 Ng6 6. e5 Ng8 7. Bc4 d6 8.
Qf3 Qd7 9. O-O Qf5 10. Qe2 dxe5 11. f4 e4 12. Nxe4 Be7 13. Ng3 Qf6 14. f5 Nh4
15. Rf4 Nxf5 16. Nxf5 Bxf5 17. g4 Nh6 18. gxf5 O-O-O 19. c3 g6 20. fxg6 Qxg6+
21. Qg2 Rhg8 22. Qxg6 Rxg6+ 23. Kh1 f5 24. Rf3 Rf8 25. Bxh6 Rxh6 26. Rg1 Bd6
27. h3 f4 28. Rg7 Rff6 29. Bd3 Rh5 30. Rxh7 Rxh7 31. Bxh7 Kd8 32. Be4 c6 33. d5
cxd5 34. Bxd5 b6 35. Rd3 Kc7 36. h4 Rg6 37. h5 Rg3 38. Rxg3 fxg3 39. h6 Kd8 40.
Kg2 Ke7 41. h7 Be5 42. b4 Bxc3 43. Kxg3 Kf8 44. b5 Kg7 45. Bg8 Kh8 46. Kf4 Kg7
47. Ke4 Kh8 48. Kd5 Kg7 49. Kc6 Kh8 50. Kb7 Ba5 51. Kxa7 Kg7 52. Kb7 Kh8 53.
Kc6 Kg7 54. Kd5 Kh8 55. Ke6 Kg7 56. a4 Kh8 57. Kf6 Bc3+ 58. Kg6 Ba5 59. Bf7 Bc3
60. Bd5 Ba5 61. Ba8 1/2-1/2

[Event "?"]
[Site "ICS rated blitz match, 192.23"]
[Date "1997.??.??"]
[Round "?"]
[White "Brause"]
[Black "oldtimer"]
[Result "1-0"]
[WhiteElo "2530"]
[BlackElo "2730"]
[PlyCount "51"]

1. e4 e5 2. Nf3 Nc6 3. Nc3 Nf6 4. Nxe5 Nxe5 5. d4 Ng6 6. e5 Ng8 7. Bc4 d5 8.
Bxd5 c6 9. Be4 f5 10. exf6 Nxf6 11. Bg5 Bb4 12. Qd3 Bxc3+ 13. bxc3 Kf7 14. O-O
Qd6 15. Bf3 Re8 16. Rfe1 Bd7 17. c4 Rxe1+ 18. Rxe1 Re8 19. Re3 h6 20. c5 Rxe3
21. fxe3 Qe7 22. Bxf6 Qxf6 23. Qb3+ Kf8 24. Qxb7 Qe6 25. Kf2 Ne7 26. Qxa7 1-0

[Event "?"]
[Site "ICS rated blitz match, 192.23"]
[Date "1997.??.??"]
[Round "?"]
[White "Brause"]
[Black "blunite"]
[Result "0-1"]
[WhiteElo "2545"]
[BlackElo "2260"]
[PlyCount "130"]

1. e4 e5 2. Nf3 Nc6 3. Nc3 Nf6 4. Nxe5 Nxe5 5. d4 Nc6 6. d5 Bb4 7. Bg5 h6 8.
Bf4 Nxe4 9. dxc6 Nxc3 10. bxc3 Bxc3+ 11. Bd2 Qe7+ 12. Be2 Bxa1 13. Qxa1 O-O 14.
cxd7 Bxd7 15. Qd4 Rae8 16. Be3 c5 17. Qxc5 Qxc5 18. Bxc5 Bb5 19. Be3 Bxe2 20.
Kxe2 b6 21. Rd1 Rd8 22. Rd3 Rxd3 23. cxd3 Rc8 24. Kd2 Kf8 25. f3 Ke7 26. h4 h5
27. g4 g6 28. d4 Ke6 29. Kd3 Kd5 30. gxh5 gxh5 31. a3 Rc4 32. Bg5 Rxd4+ 33. Kc3
b5 34. Kc2 a5 35. Bd8 a4 36. Bg5 Kc4 37. f4 b4 38. axb4 Kxb4 39. Be7+ Kc4 40.
Kb2 Rxf4 41. Ka3 Kc3 42. Bg5 Rg4 43. Bf6+ Kd3 44. Ka2 Ke3 45. Ka3 Kf3 46. Kb2
Kg3 47. Be5+ Kxh4 48. Ka3 Kh3 49. Kb2 Kg2 50. Kc1 h4 51. Bd6 h3 52. Kb2 h2 53.
Bxh2 Kxh2 54. Kc3 a3 55. Kb3 Rg3+ 56. Kc4 a2 57. Kd5 a1=Q 58. Kc6 f5 59. Kd5 f4
60. Ke6 f3 61. Kd5 f2 62. Ke6 f1=Q 63. Kd5 Re3 64. Kd6 Qc4 65. Kd7 Qd1# 0-1

[Event "?"]
[Site "ICS rated blitz match, 192.23"]
[Date "1997.??.??"]
[Round "?"]
[White "Brause"]
[Black "blunite"]
[Result "1-0"]
[WhiteElo "2495"]
[BlackElo "2310"]
[PlyCount "37"]

1. e4 e5 2. Nf3 Nc6 3. Nc3 Nf6 4. Nxe5 Nxe5 5. d4 Nc6 6. e5 Bb4 7. exf6 Qxf6 8.
Be3 O-O 9. Be2 d6 10. O-O Bxc3 11. bxc3 Bd7 12. Bd3 Rae8 13. Qh5 h6 14. Rfb1 b6
15. Re1 Ne7 16. Bd2 Ng6 17. Re4 Bf5 18. Rxe8 Rxe8 19. Qxf5 1-0

[Event "?"]
[Site "ICS rated blitz match, 192.23"]
[Date "1997.??.??"]
[Round "?"]
[White "Brause"]
[Black "blunite"]
[Result "1-0"]
[WhiteElo "2480"]
[BlackElo "2325"]
[PlyCount "39"]

1. e4 e5 2. Nf3 Nc6 3. Nc3 Nf6 4. Nxe5 Nxe5 5. d4 Nc6 6. e5 Bb4 7. exf6 Qxf6 8.
Be3 O-O 9. Be2 d6 10. O-O Bd7 11. Nd5 Qd8 12. Bd3 h6 13. c3 Ba5 14. b4 Bb6 15.
Qh5 Ne7 16. Bg5 f6 17. Bxh6 Nxd5 18. Qxd5+ Kh8 19. Qh5 Kg8 20. Bc4+ 1-0

[Event "?"]
[Site "ICS rated blitz match, 192.23"]
[Date "1997.??.??"]
[Round "?"]
[White "Brause"]
[Black "blunite"]
[Result "1-0"]
[WhiteElo "2465"]
[BlackElo "2340"]
[PlyCount "37"]

1. e4 e5 2. Nf3 Nc6 3. Nc3 Nf6 4. Nxe5 Nxe5 5. d4 Nc6 6. e5 Ng8 7. Bc4 Bb4 8.
Qg4 Kf8 9. Qf3 Qe8 10. Qd3 d6 11. f4 dxe5 12. fxe5 f5 13. O-O Bxc3 14. Qxc3 g6
15. e6 Nf6 16. d5 Ke7 17. Bg5 Rf8 18. Qa3+ Kd8 19. dxc6 1-0

[Event "?"]
[Site "ICS rated blitz match, 192.23"]
[Date "1997.??.??"]
[Round "?"]
[White "Brause"]
[Black "blunite"]
[Result "1/2-1/2"]
[WhiteElo "2485"]
[BlackElo "2320"]
[PlyCount "60"]

1. e4 e5 2. Nf3 Nc6 3. Nc3 Nf6 4. Nxe5 Nxe5 5. d4 Nc6 6. e5 Bb4 7. exf6 Qxf6 8.
Be3 Qg6 9. Qd3 d6 10. Qxg6 hxg6 11. Bb5 Bd7 12. O-O-O Bxc3 13. bxc3 O-O-O 14.
Bc4 Rhf8 15. Rde1 b6 16. Re2 Kb8 17. Bf4 f6 18. Rhe1 Rde8 19. Rxe8+ Rxe8 20.
Rxe8+ Bxe8 21. Ba6 Ne7 22. h3 Bc6 23. f3 Bb7 24. Bd3 Kc8 25. a3 Kd7 26. Kd1 Ke6
27. Bc4+ Bd5 28. Bd3 Bb7 29. Bc4+ Bd5 30. Bd3 Bb7 1/2-1/2

[Event "?"]
[Site "ICS rated blitz match, 192.23"]
[Date "1997.??.??"]
[Round "?"]
[White "Brause"]
[Black "blunite"]
[Result "1-0"]
[WhiteElo "2455"]
[BlackElo "2350"]
[PlyCount "221"]

1. e4 e5 2. Nf3 Nc6 3. Nc3 Nf6 4. Nxe5 Nxe5 5. d4 Nc6 6. e5 Bb4 7. exf6 Qxf6 8.
Be3 Qg6 9. Qd3 d6 10. Qxg6 hxg6 11. Bb5 Bd7 12. O-O-O O-O-O 13. Nd5 Ba5 14. Bf4
Bb6 15. Nxb6+ axb6 16. Rhe1 Rde8 17. Rxe8+ Rxe8 18. Bc4 Re7 19. f3 f6 20. c3
Na5 21. Bf1 Nc6 22. Bb5 Nd8 23. Bc4 Be6 24. Re1 Kd7 25. d5 Bf7 26. Rxe7+ Kxe7
27. Be3 Be8 28. Bd3 g5 29. b3 Nf7 30. Bd4 Nh6 31. c4 Bd7 32. Kd2 Bf5 33. a3
Bxd3 34. Kxd3 Nf5 35. Bf2 Kf7 36. a4 Ke7 37. g3 Nh6 38. Be3 Nf5 39. Bd2 Kd7 40.
Ke4 g6 41. Bc3 Ke7 42. Bd4 Kf7 43. Bf2 Ke7 44. Be1 Kf7 45. Kd3 Ke7 46. Bd2 Kf7
47. Bc3 Ke7 48. Be1 Kf7 49. Bd2 Ke7 50. Bb4 Kf7 51. Ba3 Ke7 52. Bc1 Kf7 53. Be3
Ke7 54. Bf2 Kf7 55. Bg1 Ke7 56. Ke4 Kd7 57. Bd4 Ke7 58. Bc3 Kf7 59. Bb2 Ke7 60.
Bc1 Kf7 61. Bd2 Ke7 62. Bb4 Kf7 63. Kd3 Ke7 64. Ba3 Kd7 65. Bb2 Ke7 66. Ba1 Kf7
67. Bd4 Ke7 68. Bc3 Kf7 69. Ba1 Ke7 70. Bd4 Kf7 71. Bf2 Ke7 72. Ke4 Kf7 73. Bg1
Ke7 74. Kd3 Kf7 75. b4 Ke7 76. Be3 Kf7 77. Bf2 Ke7 78. Ke4 Kf7 79. Be3 Ke7 80.
a5 bxa5 81. bxa5 Kd7 82. Bd4 Ke7 83. Bf2 Kd7 84. Kd3 Ke7 85. c5 dxc5 86. Bxc5+
Kd7 87. Kc4 Ng7 88. Bd4 Ne8 89. Kc5 Ke7 90. Bb2 Kd7 91. Bc3 Ke7 92. Kd4 Kd6 93.
Kc4 Kd7 94. Bb4 Ng7 95. Kd4 Nf5+ 96. Ke4 Ng7 97. Bc3 Ke7 98. Bd4 Ne8 99. Bc5+
Kd7 100. Kd3 Ng7 101. Bd4 Ne8 102. h3 Kd6 103. Kc4 c6 104. dxc6 Kxc6 105. Bc3
Kd6 106. Bb2 Kc6 107. Bd4 Kd6 108. Bc3 Kc6 109. Bb4 Kc7 110. Kc5 Ng7 111. Bc3
1-0

[Event "?"]
[Site "ICS rated blitz match, 192.23"]
[Date "1997.??.??"]
[Round "?"]
[White "Brause"]
[Black "nyul"]
[Result "1-0"]
[WhiteElo "2465"]
[BlackElo "2000"]
[PlyCount "115"]

1. e4 e5 2. Nf3 Nc6 3. Nc3 Nf6 4. Nxe5 Nxe5 5. d4 Nc6 6. e5 Be7 7. exf6 Bxf6 8.
Be3 d5 9. Bb5 O-O 10. Bxc6 bxc6 11. O-O Rb8 12. Na4 Be7 13. c3 Bd6 14. Qh5 Qf6
15. Rfe1 Bf5 16. Bg5 Qg6 17. Qxg6 hxg6 18. b3 f6 19. Bh4 Rfe8 20. Nc5 Bxc5 21.
dxc5 Kf7 22. Bg3 Rxe1+ 23. Rxe1 Re8 24. Rxe8 Kxe8 25. Bxc7 Kd7 26. Bd6 Ke6 27.
f3 Bb1 28. a3 g5 29. Kf2 g6 30. Ke3 Bc2 31. b4 Ba4 32. Kd4 Bb5 33. Bb8 a6 34.
Ke3 Ba4 35. Bc7 Bb5 36. Kd4 Bf1 37. g3 Be2 38. Ke3 Bd1 39. h3 Bc2 40. f4 gxf4+
41. Bxf4 Bd1 42. Kd4 Bb3 43. h4 Bc4 44. Bc7 Kf5 45. Ke3 Bb5 46. Bd8 Ba4 47. g4+
Ke6 48. h5 gxh5 49. gxh5 Bc2 50. h6 Kf7 51. Bc7 Ke6 52. Kd4 Kf7 53. c4 dxc4 54.
Kxc4 Kg6 55. Bf4 Kh5 56. a4 Kg6 57. b5 axb5+ 58. axb5 1-0

[Event "?"]
[Site "ICS rated blitz match, 192.23"]
[Date "1997.??.??"]
[Round "?"]
[White "Brause"]
[Black "blunite"]
[Result "1/2-1/2"]
[WhiteElo "2475"]
[BlackElo "2305"]
[PlyCount "220"]

1. e4 e5 2. Nf3 Nc6 3. Nc3 Nf6 4. Nxe5 Nxe5 5. d4 Nc6 6. e5 Bb4 7. exf6 Qxf6 8.
Be3 Qg6 9. Qd3 d6 10. Qxg6 hxg6 11. Bb5 Bd7 12. O-O-O Bxc3 13. bxc3 O-O-O 14.
Bc4 Rhf8 15. Rde1 Rde8 16. Bg5 f6 17. Bf4 Rxe1+ 18. Rxe1 Re8 19. Rxe8+ Bxe8 20.
h3 Kd8 21. Be6 Bd7 22. Bf7 Be8 23. Bd5 b6 24. Be6 Ke7 25. Bd5 Nd8 26. Bf3 Bc6
27. d5 Bb5 28. Be4 Kf7 29. Kd2 Nb7 30. Bd3 Bd7 31. Be3 Be8 32. Ba6 Nd8 33. Bc4
Ke7 34. Bd3 Bf7 35. Be4 Nb7 36. Kd3 Nd8 37. Kd4 Be8 38. Bf4 Kd7 39. Kd3 Ke7 40.
a3 Kd7 41. g3 Ke7 42. Be3 Kd7 43. h4 Ke7 44. Bd4 Kd7 45. g4 Ke7 46. Ke2 Bf7 47.
f4 Be8 48. Kf3 Bf7 49. Ke3 Be8 50. Bd3 Bf7 51. c4 Be8 52. Bc3 Bf7 53. Be4 Be8
54. Kf3 Bf7 55. Kf2 Be8 56. Kg3 Bf7 57. Kf3 Be8 58. Bd4 Bf7 59. Ke3 Be8 60. Kd3
Bf7 61. c3 Be8 62. Bf3 Bf7 63. Bg2 Be8 64. Ke2 Bf7 65. Be4 Be8 66. Kf3 Bf7 67.
Bf2 Be8 68. Be3 Bf7 69. Ke2 Be8 70. Kf3 Bf7 71. Bd4 Be8 72. Kg3 Bf7 73. Kf2 Be8
74. Bf3 Bf7 75. Ke3 Be8 76. Be2 Bf7 77. Ke4 Be8 78. Bd3 Bf7 79. Bf2 Be8 80. Kf3
Bf7 81. Ke3 Be8 82. Be2 Bf7 83. Kd3 Be8 84. Bd4 Bf7 85. Bf3 Be8 86. Kd2 Bf7 87.
Be4 Be8 88. Bd3 Bf7 89. Ke1 Be8 90. Kf2 Bf7 91. Kf3 Be8 92. Be3 Bf7 93. Be4 Be8
94. Kg3 Bf7 95. Kf2 Be8 96. Bd4 Bf7 97. Ke1 Be8 98. Bf3 Bf7 99. Ke2 Be8 100.
Ke3 Bf7 101. Be4 Be8 102. Bc2 Bf7 103. Ba4 Be8 104. Bxe8 Kxe8 105. Ke4 Ke7 106.
a4 Nf7 107. Ke3 Kd7 108. Ke4 Ke7 109. Ke3 Kd7 110. Ke4 Ke7 1/2-1/2

[Event "?"]
[Site "ICS rated blitz match, 192.23"]
[Date "1997.??.??"]
[Round "?"]
[White "Brause"]
[Black "blunite"]
[Result "1-0"]
[WhiteElo "2475"]
[BlackElo "2300"]
[PlyCount "130"]

1. e4 e5 2. Nf3 Nc6 3. Nc3 Nf6 4. Nxe5 Nxe5 5. d4 Nc6 6. e5 Bb4 7. exf6 Qxf6 8.
Be3 Qg6 9. Qd3 d6 10. Qxg6 hxg6 11. Bb5 Bd7 12. O-O-O Bxc3 13. bxc3 O-O-O 14.
Bc4 Rhf8 15. Rde1 Rde8 16. Bd2 Kd8 17. Rxe8+ Bxe8 18. Bd5 b6 19. Re1 Ne7 20.
Bb3 Bc6 21. f3 Bd7 22. h3 Bc6 23. Bg5 f6 24. Bd2 Nf5 25. Bc4 Nh4 26. Rg1 g5 27.
Ba6 Re8 28. Bd3 Kd7 29. a3 Re7 30. Kb2 Bd5 31. Kc1 Ke8 32. c4 Bc6 33. Kd1 Kf7
34. d5 Bd7 35. Bc3 Bf5 36. Bd2 Bxd3 37. cxd3 Kg6 38. f4 gxf4 39. Bxf4 Kf7 40.
Bg3 Nf5 41. Bf2 g5 42. g3 Kg6 43. h4 Rh7 44. h5+ Kh6 45. g4 Ne7 46. Re1 Rf7 47.
Re6 Kg7 48. Bd4 Ng8 49. Ke2 Nh6 50. Kf3 Ng8 51. Re8 Nh6 52. Bc3 Ng8 53. Ra8 a5
54. Re8 Nh6 55. Re6 Ng8 56. Bd4 Kf8 57. Bxb6 cxb6 58. Rxd6 Rb7 59. Rc6 Ne7 60.
Rxf6+ Kg7 61. Re6 a4 62. d6 Ng8 63. Rg6+ Kh7 64. Rxg5 Nf6 65. Rg6 Nd7 1-0

[Event "?"]
[Site "ICS rated blitz match, 192.23"]
[Date "1997.??.??"]
[Round "?"]
[White "Brause"]
[Black "blunite"]
[Result "1-0"]
[WhiteElo "2460"]
[BlackElo "2315"]
[PlyCount "135"]

1. e4 e5 2. Nf3 Nc6 3. Nc3 Nf6 4. Nxe5 Nxe5 5. d4 Nc6 6. e5 Bb4 7. exf6 Qxf6 8.
Be3 Qg6 9. Qd3 d6 10. Qxg6 hxg6 11. Bb5 Bd7 12. O-O-O Bxc3 13. bxc3 O-O-O 14.
Bc4 Rhf8 15. Rde1 Rde8 16. Bd2 Kd8 17. Rxe8+ Bxe8 18. Bd5 b6 19. Re1 Ne7 20.
Bb3 Bc6 21. f3 Nf5 22. d5 Bb5 23. g4 Ne7 24. Bf4 Ng8 25. Kd1 Re8 26. Rxe8+ Kxe8
27. h3 Nf6 28. h4 Ba6 29. Ke1 Bb7 30. c4 Bc8 31. Bg5 Ng8 32. c3 Bd7 33. Bc2 Ne7
34. Kf2 f6 35. Bf4 Kf7 36. Ke3 Be8 37. Bb3 Kf8 38. Kd4 Kf7 39. Kd3 Ng8 40. a3
Ke7 41. Bc2 Kf8 42. Kd4 Ne7 43. Be4 Bf7 44. Be3 Ke8 45. Bd2 Kd7 46. Bc2 Kd8 47.
Bf4 Be8 48. Be4 Kc8 49. Bd3 Kb7 50. Ke3 a6 51. Bc2 a5 52. Bh2 Ka6 53. Bd3 Kb7
54. Bg1 Bf7 55. Ke2 Nc8 56. Bd4 Na7 57. g5 fxg5 58. hxg5 c6 59. Bxg7 cxd5 60.
cxd5 Nc8 61. Bf6 b5 62. Bxb5 Bxd5 63. Be8 Bc4+ 64. Ke3 Nb6 65. Bxg6 Be6 66. Kd4
Nc4 67. Be4+ Kc7 68. Bd5 1-0

[Event "?"]
[Site "ICS rated blitz match, 192.23"]
[Date "1997.??.??"]
[Round "?"]
[White "Brause"]
[Black "senile"]
[Result "1-0"]
[WhiteElo "2490"]
[BlackElo "1880"]
[PlyCount "44"]

1. e4 e5 2. Nf3 Nc6 3. Nc3 Nf6 4. Nxe5 Nxe5 5. d4 Ng6 6. e5 Ng8 7. Bc4 d6 8.
Qf3 Qd7 9. O-O Qf5 10. Qe2 dxe5 11. f4 Qg4 12. fxe5 Qxd4+ 13. Be3 Qd7 14. Rad1
Qe7 15. Bxf7+ Qxf7 16. Rxf7 Kxf7 17. Qc4+ Be6 18. Rf1+ Nf6 19. Qxc7+ Be7 20.
exf6 gxf6 21. Ne4 Kg7 22. Rxf6 Rhe8 1-0

[Event "?"]
[Site "ICS rated blitz match, 192.23"]
[Date "1997.??.??"]
[Round "?"]
[White "Brause"]
[Black "senile"]
[Result "1-0"]
[WhiteElo "2490"]
[BlackElo "1875"]
[PlyCount "24"]

1. e4 e5 2. Nf3 Nc6 3. Nc3 Nf6 4. Nxe5 Nxe5 5. d4 Nc6 6. d5 Ne5 7. f4 Ng6 8. e5
Ng8 9. d6 cxd6 10. exd6 Qf6 11. Nb5 Qe6+ 12. Be2 Nf6 1-0

[Event "?"]
[Site "ICS rated blitz match, 192.23"]
[Date "1997.??.??"]
[Round "?"]
[White "Brause"]
[Black "senile"]
[Result "1-0"]
[WhiteElo "2490"]
[BlackElo "1875"]
[PlyCount "51"]

1. e4 e5 2. Nf3 Nc6 3. Nc3 Nf6 4. Nxe5 Nxe5 5. d4 Nc6 6. d5 Ne7 7. e5 Nfg8 8.
d6 Nc6 9. Nb5 cxd6 10. exd6 Qf6 11. Nc7+ Kd8 12. Nxa8 Bxd6 13. c3 Nge7 14. Be3
Re8 15. Qh5 Nf5 16. O-O-O Nxe3 17. fxe3 b6 18. Bc4 Ne5 19. Rhf1 Qe7 20. Bxf7
Nxf7 21. Rxf7 Qxe3+ 22. Kb1 Qe4+ 23. Ka1 Be7 24. Rxg7 Bb7 25. Nc7 Kxc7 26. Qxe8
1-0

[Event "?"]
[Site "ICS rated blitz match, 192.23"]
[Date "1997.??.??"]
[Round "?"]
[White "Brause"]
[Black "Lonnie"]
[Result "1-0"]
[WhiteElo "2525"]
[BlackElo "2660"]
[PlyCount "54"]

1. e4 e5 2. Nf3 Nc6 3. Nc3 Nf6 4. Nxe5 Nxe5 5. d4 Ng6 6. e5 Ng8 7. Bc4 d6 8.
Qf3 Qd7 9. O-O dxe5 10. dxe5 Nxe5 11. Re1 Bd6 12. Bf4 f6 13. Bb5 c6 14. Rad1
Qe6 15. Qg3 g5 16. Bxe5 Bxe5 17. f4 Qg4 18. fxe5 Qxg3 19. hxg3 cxb5 20. exf6+
Kf7 21. Rd8 b4 22. Ne4 b6 23. Rf1 Nxf6 24. Rxf6+ Kg7 25. Rxh8 Kxh8 26. Rf8+ Kg7
27. Rd8 Bb7 1-0

[Event "?"]
[Site "ICS rated blitz match, 192.23"]
[Date "1997.??.??"]
[Round "?"]
[White "Brause"]
[Black "Geeman"]
[Result "1-0"]
[WhiteElo "2555"]
[BlackElo "2835"]
[PlyCount "35"]

1. e4 e5 2. Nf3 Nf6 3. Nc3 Nc6 4. Nxe5 Nxe5 5. d4 Nxe4 6. Nxe4 Ng6 7. c4 d5 8.
Nc3 Be6 9. Qb3 b6 10. cxd5 Bd7 11. Bb5 Bd6 12. Qa4 O-O 13. Bxd7 Qe7+ 14. Be3 f5
15. O-O f4 16. Bd2 f3 17. g3 Qf7 18. Be6 1-0

[Event "?"]
[Site "ICS rated blitz match, 192.23"]
[Date "1997.??.??"]
[Round "?"]
[White "Brause"]
[Black "Rapido"]
[Result "1-0"]
[WhiteElo "2555"]
[BlackElo "2010"]
[PlyCount "83"]

1. e4 e5 2. Nf3 Nc6 3. Nc3 Nf6 4. Nxe5 Nxe5 5. d4 Ng6 6. e5 Ng8 7. Bc4 Bb4 8.
Qf3 Bxc3+ 9. bxc3 Qe7 10. O-O Nh6 11. g3 O-O 12. Qh5 d5 13. Bxd5 Bg4 14. Qg5
Qxg5 15. Bxg5 c6 16. Bg2 Be6 17. Rab1 Rab8 18. Bxh6 gxh6 19. Rb4 Ne7 20. Rfb1
b5 21. R4b2 Rb6 22. Be4 Bd5 23. Bd3 Rfb8 24. f4 Kg7 25. f5 Nc8 26. f6+ Kg8 27.
Rf1 a5 28. Rf4 Be6 29. Rh4 a4 30. Rxh6 Kf8 31. Rxh7 Ke8 32. Rg7 Kd7 33. a3 Na7
34. h4 Rh8 35. c4 Rbb8 36. cxb5 Nxb5 37. d5 Bxd5 38. c4 Nxa3 39. Rxb8 Rxb8 40.
cxd5 cxd5 41. Rxf7+ Ke6 42. Re7# 1-0

[Event "?"]
[Site "ICS rated blitz match, 192.23"]
[Date "1997.??.??"]
[Round "?"]
[White "Brause"]
[Black "mifish"]
[Result "1-0"]
[WhiteElo "2550"]
[BlackElo "2175"]
[PlyCount "69"]

1. e4 e5 2. Nf3 Nc6 3. Nc3 Nf6 4. Nxe5 Nxe5 5. d4 Nc6 6. d5 Nb8 7. e5 Ng8 8. d6
cxd6 9. exd6 Qb6 10. Nb5 Na6 11. Qe2+ Kd8 12. Be3 Qa5+ 13. c3 Nf6 14. Qc4 b6
15. b4 Qa4 16. Nxa7 Bb7 17. Bxb6+ Ke8 18. Qd4 Bd5 19. Bxa6 Qxa6 20. Nb5 Qxb5
21. Qe5+ Be6 22. Qxb5 Bxd6 23. Bd4 Nd5 24. a4 f6 25. a5 Kf7 26. O-O Rab8 27.
Qa6 Bf4 28. Qd3 Bc7 29. a6 Nf4 30. Qd2 Bd5 31. Be3 Bxg2 32. Qxd7+ Kg6 33. Rfe1
Bf3 34. Bxf4 Bxf4 35. Qd3+ 1-0

[Event "?"]
[Site "ICS rated blitz match, 192.23"]
[Date "1997.??.??"]
[Round "?"]
[White "Brause"]
[Black "mifish"]
[Result "1-0"]
[WhiteElo "2560"]
[BlackElo "2165"]
[PlyCount "59"]

1. e4 e5 2. Nf3 Nc6 3. Nc3 Nf6 4. Nxe5 Nxe5 5. d4 Bb4 6. dxe5 Nxe4 7. Qg4 Nxc3
8. Qxb4 Nd5 9. Qg4 Kf8 10. Qd4 c6 11. Bd3 d6 12. O-O dxe5 13. Qxe5 Qf6 14. Qxf6
Nxf6 15. Bf4 Be6 16. Rfd1 Rd8 17. Ba6 Rxd1+ 18. Rxd1 Nd5 19. Bxb7 f6 20. Bxc6
Nxf4 21. Rd8+ Kf7 22. Rxh8 Bf5 23. Ra8 Bxc2 24. Rxa7+ Kg6 25. a4 f5 26. Be8+
Kh6 27. a5 Be4 28. f3 Bd3 29. Rd7 Bc2 30. a6 1-0

[Event "?"]
[Site "ICS rated blitz match, 192.23"]
[Date "1997.??.??"]
[Round "?"]
[White "Brause"]
[Black "mifish"]
[Result "1-0"]
[WhiteElo "2565"]
[BlackElo "2160"]
[PlyCount "81"]

1. e4 e5 2. Nf3 Nc6 3. Nc3 Nf6 4. Nxe5 Nxe5 5. d4 Ng6 6. e5 Ng8 7. Bc4 d5 8.
Bxd5 c6 9. Bb3 Bb4 10. O-O N8e7 11. Ne2 O-O 12. c3 Ba5 13. Ng3 c5 14. Bg5 cxd4
15. cxd4 Bb6 16. Bxe7 Nxe7 17. d5 Nf5 18. Nxf5 Bxf5 19. Qf3 Qg5 20. d6 Qg6 21.
Bd5 Rae8 22. Qf4 h6 23. Bxb7 Qg5 24. g3 f6 25. Qxg5 fxg5 26. Bd5+ Kh8 27. Rae1
Bd4 28. e6 Bc5 29. d7 Re7 30. Rc1 Bb6 31. Rc8 Bd8 32. Re1 h5 33. Ra8 g6 34. b4
Kg7 35. Rxa7 Bb6 36. Rb7 Bxf2+ 37. Kxf2 Be4+ 38. Kg1 Bxd5 39. d8=Q Rxd8 40.
Rxe7+ Kh6 41. Rd7 1-0

[Event "?"]
[Site "ICS rated blitz match, 192.23"]
[Date "1997.??.??"]
[Round "?"]
[White "Brause"]
[Black "POTZY"]
[Result "0-1"]
[WhiteElo "2585"]
[BlackElo "2255"]
[PlyCount "80"]

1. e4 e5 2. Nf3 Nc6 3. Nc3 Nf6 4. Nxe5 Nxe5 5. d4 Ng6 6. e5 Ng8 7. Bc4 d6 8.
Qf3 f6 9. e6 c6 10. Qh3 d5 11. Bd3 N8e7 12. f4 Qd6 13. Bxg6+ Nxg6 14. f5 Nf4
15. Qf3 g5 16. Bxf4 Qxf4 17. Qxf4 gxf4 18. Ne2 Bd6 19. Rf1 Rg8 20. Rf2 b6 21.
O-O-O Ba6 22. Ng1 Rg5 23. Nh3 Rxf5 24. g3 Ke7 25. g4 Rg5 26. Nxg5 fxg5 27. h4
Rg8 28. hxg5 Rxg5 29. Rh2 Rg7 30. Rdh1 f3 31. Rh3 Be2 32. Rxh7 Rxh7 33. Rxh7+
Kxe6 34. Rh6+ Kf7 35. Rh5 Bf4+ 36. Kb1 Kg6 37. Rf5 Bg3 38. Rf8 f2 39. Ka1 f1=Q+
40. Rxf1 Bxf1 0-1

[Event "?"]
[Site "ICS rated blitz match, 192.23"]
[Date "1997.??.??"]
[Round "?"]
[White "Brause"]
[Black "senile"]
[Result "1-0"]
[WhiteElo "2535"]
[BlackElo "1895"]
[PlyCount "45"]

1. e4 e5 2. Nf3 Nc6 3. Nc3 Nf6 4. Nxe5 Nxe5 5. d4 Ng6 6. e5 Ng8 7. Bc4 d5 8.
Bxd5 Bb4 9. Qf3 Bxc3+ 10. bxc3 Qd7 11. Bxb7 Bxb7 12. Qxb7 Rd8 13. Rb1 N8e7 14.
O-O O-O 15. Ba3 Nd5 16. Bxf8 Kxf8 17. Qxa7 Ngf4 18. Kh1 Qg4 19. Rg1 Ne2 20. c4
Ndf4 21. Rb8 Qd7 22. Rgb1 Rxb8 23. Qc5+ 1-0

[Event "?"]
[Site "ICS rated blitz match, 192.23"]
[Date "1997.??.??"]
[Round "?"]
[White "Brause"]
[Black "senile"]
[Result "1-0"]
[WhiteElo "2535"]
[BlackElo "1895"]
[PlyCount "51"]

1. e4 e5 2. Nf3 Nc6 3. Nc3 Nf6 4. Nxe5 Nxe5 5. d4 Ng6 6. e5 Ng8 7. Bc4 d5 8.
Bxd5 c6 9. Bb3 Be6 10. Bxe6 fxe6 11. O-O Bb4 12. Qg4 Qd7 13. Ne4 O-O-O 14. Ng5
Re8 15. d5 Be7 16. dxe6 Qd5 17. Nf7 Nxe5 18. Qf5 g6 19. Qxe5 Qxe5 20. Nxe5 Nf6
21. Nf7 Rhf8 22. Bh6 Rg8 23. Rfe1 Bc5 24. Be3 Bxe3 25. Nd6+ Kd8 26. Nxe8 1-0

[Event "?"]
[Site "ICS rated blitz match, 192.23"]
[Date "1997.??.??"]
[Round "?"]
[White "Brause"]
[Black "senile"]
[Result "1-0"]
[WhiteElo "2540"]
[BlackElo "1890"]
[PlyCount "53"]

1. e4 e5 2. Nf3 Nc6 3. Nc3 Nf6 4. Nxe5 Nxe5 5. d4 Ng6 6. e5 Ng8 7. Bc4 d5 8.
Bxd5 c6 9. Bb3 N8e7 10. Ne4 Nf5 11. Ng5 Be7 12. Nxf7 Qxd4 13. Qxd4 Nxd4 14.
Nxh8 Nxh8 15. Be3 Nf5 16. Bd2 Ng6 17. Bc3 Nf4 18. g3 Nh3 19. Bc4 Bc5 20. Rf1
Ng5 21. O-O-O Nf3 22. Rd3 Nxh2 23. Rh1 Ng4 24. Rxh7 Nxf2 25. Rh8+ Ke7 26. Rdd8
Be3+ 27. Kb1 1-0

[Event "?"]
[Site "ICS rated blitz match, 192.23"]
[Date "1997.??.??"]
[Round "?"]
[White "Brause"]
[Black "senile"]
[Result "1-0"]
[WhiteElo "2540"]
[BlackElo "1890"]
[PlyCount "43"]

1. e4 e5 2. Nf3 Nc6 3. Nc3 Nf6 4. Nxe5 Nxe5 5. d4 Ng6 6. e5 Ng8 7. Bc4 d5 8.
Bxd5 c6 9. Be4 Bb4 10. O-O Bxc3 11. bxc3 N8e7 12. Qd3 O-O 13. f4 Nd5 14. f5
Nge7 15. f6 Ng6 16. c4 Nb4 17. Qc3 Na6 18. fxg7 Re8 19. Bh6 Qh4 20. Qe3 Bg4 21.
Bxg6 hxg6 22. Qf4 1-0

[Event "?"]
[Site "ICS rated blitz match, 192.23"]
[Date "1997.??.??"]
[Round "?"]
[White "Brause"]
[Black "senile"]
[Result "1-0"]
[WhiteElo "2540"]
[BlackElo "1890"]
[PlyCount "95"]

1. e4 e5 2. Nf3 Nc6 3. Nc3 Nf6 4. Nxe5 Nxe5 5. d4 Ng6 6. e5 Ng8 7. Bc4 d5 8.
Bxd5 c6 9. Be4 Be6 10. f4 N8e7 11. O-O Nf5 12. g4 Qxd4+ 13. Qxd4 Nxd4 14. f5
Bc4 15. fxg6 Bxf1 16. gxf7+ Kxf7 17. Kxf1 Re8 18. Be3 Nb5 19. Nxb5 cxb5 20.
Bd5+ Kg6 21. Bf4 Be7 22. Bxb7 Bg5 23. Bg3 Rhf8+ 24. Kg2 Bf4 25. Rf1 Bxg3 26.
Be4+ Kh6 27. Rxf8 Rxf8 28. Kxg3 g5 29. Bf5 Kg7 30. Kf3 h6 31. h3 Rd8 32. Bd3 a6
33. Ke4 Kf7 34. c4 bxc4 35. Bxc4+ Ke7 36. b4 Rc8 37. Bxa6 Rc2 38. a3 Ra2 39.
Bc4 Rxa3 40. b5 Rc3 41. Kd5 Rc1 42. b6 Rb1 43. Kc5 Kd7 44. Bb5+ Kc8 45. e6 Rc1+
46. Bc4 Re1 47. Bd5 Rc1+ 48. Kd6 1-0

[Event "?"]
[Site "ICS rated blitz match, 192.23"]
[Date "1997.??.??"]
[Round "?"]
[White "Brause"]
[Black "WchessX"]
[Result "1-0"]
[WhiteElo "2530"]
[BlackElo "2680"]
[PlyCount "67"]

1. e4 Nc6 2. Nf3 e5 3. Nc3 Nf6 4. Nxe5 Nxe5 5. d4 Ng6 6. e5 Ng8 7. Bc4 d6 8.
Qf3 Qd7 9. O-O dxe5 10. dxe5 Nxe5 11. Re1 Bd6 12. Bf4 f6 13. Bb5 c6 14. Rad1
Qe6 15. Qg3 Kf8 16. Bxe5 Bxe5 17. f4 cxb5 18. fxe5 Qb6+ 19. Re3 Bf5 20. Rd6 Qc5
21. Rd5 Qc8 22. Qf4 Ne7 23. exf6 Ng6 24. Qd4 gxf6 25. Qxf6+ Kg8 26. Rxf5 Qd7
27. Rg3 Qe8 28. Nd5 Qe1+ 29. Rf1 Qxf1+ 30. Kxf1 Re8 31. Rf3 Nf4 32. Rxf4 Re1+
33. Kxe1 a5 34. Qf7# 1-0